[Event "Torneo Magistral Ruy López 2007"]
[Site "Zafra ESP"]
[Date "2007.03.13"]
[Round "1.2"]
[White "Ponomariov, Ruslan"]
[Black "Sokolov, Ivan"]
[Result "1-0"]
[WhiteElo "2723"]
[BlackElo "2652"]
[PlyCount "61"]
[EventDate "2007.03.17"]
[EventType "tourn"]
[EventRounds "7"]
[EventCountry "ESP"]
[EventCategory "15"]
[Source "lmi"]
[SourceDate "2007.03.17"]

1. d4 d5 2. c4 dxc4 3. e4 b5 4. a4 c6 5. axb5 cxb5 6. Nc3 Bd7 7. Nf3 e6 8. Be2
Nf6 9. O-O Be7 10. d5 exd5 11. exd5 Qb6 12. Bf4 Bc5 13. Bxc4 bxc4 14. Qe2+ Kf8
15. Ne5 Bf5 16. Na4 Qb5 17. Nxc5 Qxc5 18. Nxc4 Qd4 19. Be5 Bd3 20. Qd2 Qxd5 21.
Rfd1 Qxc4 22. Rac1 Qa6 23. Bxf6 Nd7 24. Bc3 Bb5 25. Qg5 Nf6 26. Qc5+ Kg8 27.
Bxf6 h6 28. Bc3 Re8 29. Rd6 Qb7 30. Qf5 Qe7 31. Qxb5 1-0

[Event "Torneo Magistral Ruy López 2007"]
[Site "Zafra ESP"]
[Date "2007.03.19"]
[Round "3.2"]
[White "Perez Candelario, Manuel"]
[Black "Sasikiran, Krishnan"]
[Result "1/2-1/2"]
[WhiteElo "2515"]
[BlackElo "2700"]
[PlyCount "93"]
[EventDate "2007.03.17"]
[EventType "tourn"]
[EventRounds "7"]
[EventCountry "ESP"]
[EventCategory "15"]
[Source "lmi"]
[SourceDate "2007.03.17"]

1. e4 c5 2. Nf3 d6 3. d4 cxd4 4. Nxd4 Nf6 5. Nc3 a6 6. Be3 e6 7. f3 b5 8. g4 h6
9. Qd2 b4 10. Nce2 e5 11. Nb3 Nc6 12. O-O-O a5 13. Ng3 a4 14. Na1 Ra5 15. c4 g6
16. Kb1 Be6 17. Nc2 Qb8 18. Ne1 h5 19. gxh5 Nxh5 20. Nxh5 Rxh5 21. Ng2 Be7 22.
Be2 Rh3 23. f4 Ra8 24. Bf2 Qb7 25. Ne3 exf4 26. Nd5 g5 27. Bf1 Rh7 28. h4 Ne5
29. c5 dxc5 30. Bb5+ Kf8 31. Nxe7 Qxe7 32. hxg5 Rxh1 33. Rxh1 Ng6 34. Qe2 Qxg5
35. Rh5 Qg4 36. Bxc5+ Kg8 37. Qxg4 Bxg4 38. Rg5 Bf3 39. Bxb4 Bxe4+ 40. Kc1 Rd8
41. Bc3 f3 42. Rg1 Rd5 43. Bc6 f2 44. Rf1 Nf4 45. Bxd5 Bxd5 46. Kd2 Nh3 47. Ke3
1/2-1/2

[Event "Torneo Magistral Ruy López 2007"]
[Site "Zafra ESP"]
[Date "2007.03.19"]
[Round "3.3"]
[White "Sargissian, Gabriel"]
[Black "Sokolov, Ivan"]
[Result "1/2-1/2"]
[WhiteElo "2658"]
[BlackElo "2652"]
[PlyCount "128"]
[EventDate "2007.03.17"]
[EventType "tourn"]
[EventRounds "7"]
[EventCountry "ESP"]
[EventCategory "15"]
[Source "lmi"]
[SourceDate "2007.03.17"]

1. d4 Nf6 2. c4 c6 3. Nf3 d5 4. Nc3 dxc4 5. a4 Bf5 6. Ne5 Nbd7 7. Nxc4 Nb6 8.
Ne5 a5 9. Bg5 g6 10. e3 Bg7 11. Bd3 Be6 12. Be2 Nfd5 13. Nd3 Nb4 14. O-O Nxd3
15. Bxd3 O-O 16. Ne4 Bd5 17. Bh4 Re8 18. Qc2 f5 19. Nc3 Bf7 20. Rfd1 Kh8 21.
Bg3 Nd5 22. Nxd5 Qxd5 23. Rac1 Red8 24. Qc3 Qb3 25. Bc2 Qb6 26. Bd3 Qb4 27. h4
Qxa4 28. Bc7 Rdc8 29. Ra1 Qb3 30. Bxa5 c5 31. Rdc1 Qe6 32. Qd2 cxd4 33. exd4
Qf6 34. Rxc8+ Rxc8 35. h5 gxh5 36. Bc3 Bd5 37. Qf4 e6 38. Ra5 Rg8 39. g3 Qd8
40. Kf1 b6 41. Ra7 Qb8 42. Qxb8 Rxb8 43. Rd7 Kg8 44. Ke2 Rb7 45. Rd8+ Kf7 46.
Ba6 Ra7 47. Bb5 Bf6 48. Bd3 h4 49. gxh4 Bg7 50. Rb8 Bf6 51. Bb5 Bxh4 52. Rxb6
Rb7 53. Rxb7+ Bxb7 54. Kf1 Bf6 55. Be2 Bd5 56. Bb5 Bb7 57. Be2 Bd5 58. f3 Bb3
59. Kg2 Ke7 60. f4 Kd6 61. Kf2 Ba4 62. Bh5 Ke7 63. Bb4+ Kd8 64. Ba5+ Ke7
1/2-1/2

[Event "Torneo Magistral Ruy López 2007"]
[Site "Zafra ESP"]
[Date "2007.03.20"]
[Round "4.4"]
[White "Ponomariov, Ruslan"]
[Black "Perez Candelario, Manuel"]
[Result "1-0"]
[WhiteElo "2723"]
[BlackElo "2515"]
[PlyCount "71"]
[EventDate "2007.03.17"]
[EventType "tourn"]
[EventRounds "7"]
[EventCountry "ESP"]
[EventCategory "15"]
[Source "lmi"]
[SourceDate "2007.03.17"]

1. d4 d5 2. c4 e6 3. Nc3 Nf6 4. cxd5 exd5 5. Bg5 Be7 6. e3 c6 7. Bd3 Nbd7 8.
Nf3 O-O 9. Qc2 Re8 10. h3 Nf8 11. Bf4 Bd6 12. Bxd6 Qxd6 13. O-O-O Be6 14. Kb1
Rac8 15. Ka1 a6 16. g4 c5 17. dxc5 Rxc5 18. g5 N6d7 19. Qa4 Rec8 20. Qd4 Ra5
21. Rc1 Nb8 22. Ne4 Qd8 23. Rxc8 Qxc8 24. Nd6 Qd7 25. Qb6 Qa4 26. a3 Nbd7 27.
Qd4 Qc6 28. Ne8 Ne5 29. Qxe5 Qxe8 30. Qc7 Qa4 31. Nd4 Qb4 32. Bb1 b6 33. Rc1
Ra4 34. Rc3 Bd7 35. Bc2 Ra5 36. Kb1 1-0

[Event "Torneo Magistral Ruy López 2007"]
[Site "Zafra ESP"]
[Date "2007.03.22"]
[Round "6.4"]
[White "Perez Candelario, Manuel"]
[Black "Sargissian, Gabriel"]
[Result "0-1"]
[WhiteElo "2515"]
[BlackElo "2658"]
[PlyCount "146"]
[EventDate "2007.03.17"]
[EventType "tourn"]
[EventRounds "7"]
[EventCountry "ESP"]
[EventCategory "15"]
[Source "lmi"]
[SourceDate "2007.03.17"]

1. e4 e5 2. Nf3 Nc6 3. Bb5 a6 4. Ba4 Nf6 5. O-O Be7 6. Re1 b5 7. Bb3 O-O 8. c3
d5 9. exd5 Nxd5 10. d4 exd4 11. cxd4 Bg4 12. Nc3 Nf6 13. Be3 Qd6 14. Rc1 Rad8
15. a4 b4 16. Nb1 Na5 17. Bc2 Nd5 18. Qd3 g6 19. Nbd2 Nxe3 20. Qxe3 Bxf3 21.
Qxe7 Ba8 22. Qxd6 Rxd6 23. Nb3 Nxb3 24. Bxb3 Bd5 25. Bxd5 Rxd5 26. Rc4 Rfd8 27.
Rxb4 Rxd4 28. Rb7 Rxa4 29. Rxc7 Rd2 30. g3 Ra5 31. b4 Raa2 32. Rf1 Rdb2 33. Rc4
Ra4 34. Rfc1 Raxb4 35. Rc8+ Kg7 36. R1c3 R4b3 37. Rxb3 Rxb3 38. Rc6 a5 39. Ra6
Rb5 40. h4 h5 41. Kg2 Rf5 42. f3 Rb5 43. Kf2 Rb2+ 44. Ke3 Ra2 45. Kf4 Ra4+ 46.
Ke5 Ra1 47. Kf4 a4 48. Ke4 a3 49. Kf4 f6 50. Ra7+ Kf8 51. Ra8+ Ke7 52. Ra7+ Kd8
53. Ra6 a2 54. Ra8+ Kc7 55. Ra3 Kc6 56. Ra8 Kc5 57. Ra4 Kb5 58. Ra8 Kc4 59. Ra3
Kb4 60. Ra8 Kc3 61. Ra6 Kd3 62. Ra3+ Ke2 63. Ra6 Kf2 64. Ra5 Kg2 65. g4 hxg4
66. Kxg4 Kf2 67. Kf4 g5+ 68. hxg5 fxg5+ 69. Kxg5 Kxf3 70. Kf5 Ke3 71. Ke6 Kd3
72. Kd6 Kc3 73. Kc6 Rc1 0-1

[Event "Torneo Magistral Ruy López 2007"]
[Site "Zafra ESP"]
[Date "2007.03.23"]
[Round "7.2"]
[White "Hou Yifan"]
[Black "Perez Candelario, Manuel"]
[Result "1-0"]
[WhiteElo "2509"]
[BlackElo "2515"]
[PlyCount "73"]
[EventDate "2007.03.17"]
[EventType "tourn"]
[EventRounds "7"]
[EventCountry "ESP"]
[EventCategory "15"]

1. e4 e5 2. Nf3 Nc6 3. Bb5 a6 4. Ba4 Nf6 5. O-O Be7 6. Re1 b5 7. Bb3 d6 8. c3
O-O 9. h3 Na5 10. Bc2 c5 11. d4 Qc7 12. Nbd2 cxd4 13. cxd4 Bb7 14. d5 Rac8 15.
Bd3 Nd7 16. Nf1 f5 17. Ng3 f4 18. Nf5 Rxf5 19. exf5 Nf6 20. Ng5 Bxd5 21. Be4
Bxe4 22. Nxe4 Nxe4 23. Rxe4 Qb7 24. Re1 Rf8 25. Qd3 Rf6 26. b3 g6 27. Bd2 Nc6
28. fxg6 Rxg6 29. Qd5+ Kf8 30. Bxf4 Nd8 31. Qxb7 Nxb7 32. Be3 d5 33. Rac1 d4
34. Rc8+ Nd8 35. Bd2 Re6 36. f4 e4 37. f5 1-0

[Event "Torneo Magistral Ruy López 2007"]
[Site "Zafra ESP"]
[Date "2007.03.23"]
[Round "7.4"]
[White "Sokolov, Ivan"]
[Black "Sasikiran, Krishnan"]
[Result "1-0"]
[WhiteElo "2652"]
[BlackElo "2700"]
[PlyCount "115"]
[EventDate "2007.03.17"]
[EventType "tourn"]
[EventRounds "7"]
[EventCountry "ESP"]
[EventCategory "15"]

1. d4 Nf6 2. c4 g6 3. Nc3 d5 4. Nf3 Bg7 5. Bf4 O-O 6. Rc1 dxc4 7. e4 Bg4 8.
Bxc4 Bxf3 9. gxf3 Nfd7 10. Be3 e6 11. h4 Nc6 12. e5 Na5 13. Be2 c5 14. f4 cxd4
15. Qxd4 Nc6 16. Qe4 Qa5 17. h5 Rfd8 18. hxg6 hxg6 19. Kf1 Nb6 20. a3 Ne7 21.
Nb5 Nbd5 22. Bc5 Rdc8 23. b4 Qd8 24. Rd1 Nf5 25. Nc3 b6 26. Nxd5 exd5 27. Rxd5
Qe8 28. Be3 Rc3 29. Bd2 Rxa3 30. Bb5 Nd6 31. Rxd6 Qxb5+ 32. Kg2 Re8 33. e6 Qf5
34. Qxf5 gxf5 35. exf7+ Kxf7 36. Rh5 Ke7 37. Rg6 Kf7 38. Rc6 Re6 39. Rxf5+ Bf6
40. b5 Rd3 41. Bc1 Kg6 42. Rg5+ Kf7 43. Rc7+ Re7 44. Rxe7+ Bxe7 45. Rg3 Rd5 46.
Rb3 Kg6 47. Be3 Kf5 48. Kf3 Bf6 49. Rb1 Bc3 50. Rh1 Ke6 51. Rh6+ Bf6 52. Ke4
Rxb5 53. Bd4 Rf5 54. f3 a5 55. Bxb6 a4 56. Bd4 a3 57. Be5 a2 58. Ba1 1-0